Pokémon - Les attaques de Gorythmic - Statistiques

Statistiques générales
  • Ce quiz a été pris 24 fois
  • Le résultat moyen est 9 sur 16
Statistiques - réponses
Niveaux Types Noms des attaques % Correct
Départ Évolution Plante Tambour Battant
93%
Départ Normal Griffe
87%
Départ Normal Rugissement
87%
Départ Plante Tapotige
87%
Niveau 12 Plante Tranch'Herbe
80%
Niveau 24 Ténèbres Sabotage
67%
Niveau 46 Plante Martobois
60%
Départ Ténèbres Provoc
53%
Départ Normal Coup Double
47%
Niveau 62 Normal Bang Sonique
40%
Niveau 38 Normal Brouhaha
40%
Départ Plante Champ Herbu
40%
Niveau 19 Normal Grincement
33%
Niveau 30 Normal Souplesse
27%
Niveau 54 Normal Effort
13%
Départ Normal Râle Mâle
7%
Aucun quiz correspondant
Distribution des résultats
% des personnes avec chaque résultat
Percentile par nombre de réponses
Votre historique - résultats
Vous n’avez pas pris ce quiz